000 01328nam0a22002891 4500
001 rc\3195268
005 20260407025925.0
021 _aRU
_b[77-10093]
035 _a(NLR Aleph) 007352830
090 _a6226963
_c6226963
100 _a20120628d1976 |||y0rusy50 ca
101 0 _arus
102 _aRU
105 _aa z |||||
200 1 _aМатематические методы в проектировании производств основной химии
_eТруды
_fГос. науч.-исслед. и проектный ин-т основной химии
_gПод ред. канд. техн. наук И.Д. Зайцева
210 _aХарьков
_cНИОхим
_d1976
215 _a136 с.
_cил.
_d21
320 _aСписки лит. в конце работ
606 _aСодовое производство
_xТехнологическое проектирование
_xМатематические методы
_2psbo
702 1 _4340
_aЗайцев
_bИ. Д.
_cд-р техн. наук, САПР
_gИван Дмитриевич
_9168254
_3RU\NLR\AUTH\770168302
712 0 2 _aНИИ основной химии
_cХарьков
_9521243
_3RU\NLR\AUTH\8810011761
801 0 _aRU
_bNLR
_gpsbo
801 1 _aRU
_bELAR
_2rusmarc
852 _aNLR
_j77-5/1699
942 _cBOOK
980 _aNB